[Event "Wch U14"]
[Site "Montesilvano"]
[Date "2023.11.24"]
[Round "11"]
[White "Arca, Christian Gian Karl"]
[Black "Prokhorov, Aleksey"]
[Result "1/2-1/2"]
[WhiteElo "2347"]
[BlackElo "1869"]
[PlyCount "80"]
[EventDate "2023.11.13"]
[EventType "swiss"]
[EventRounds "11"]
[EventCountry "ITA"]
[SourceTitle "CB48_2023"]
[SourceDate "2023.11.29"]
[SourceVersion "1"]
[SourceVersionDate "2023.11.29"]
[SourceQuality "1"]

1. d4 Nf6 2. Bf4 g6 3. Nc3 d5 4. Nb5 Na6 5. e3 Bg7 6. Be2 0-0 7. h3 c5 8. c3 Bd7 9. a4 c4 10. Nf3 Qb6 11. b3 Bxb5 12. axb5 Qxb5 13. bxc4 dxc4 14. Ne5 Rac8 15. 0-0 Nd5 16. Rb1 Qe8 17. Rxb7 Nxc3 18. Qd2 Bxe5 19. Bxe5 Nxe2+ 20. Qxe2 Qc6 21. Rxe7 Nb4 22. e4 Rfe8 23. d5 Qc5 24. Rxe8+ Rxe8 25. Ba1 c3 26. Rc1 Nxd5 27. Qf3 Qa3 28. Rf1 Nb6 29. Bxc3 Rc8 30. Bd4 Qxf3 31. gxf3 Nc4 32. Ra1 Nd2 33. Ra3 a5 34. Kg2 Nc4 35. Ra4 Kf8 36. Bc3 Ne3+ 37. fxe3 Rxc3 38. Rxa5 Rxe3 39. Ra8+ Kg7 40. Kg3 h5 1/2-1/2

[Event "Cheliabinsk Kurnosov Memorial Rapid"]
[Site "Cheliabinsk"]
[Date "2023.09.09"]
[Round "7"]
[White "Remizov, Yaroslav"]
[Black "Prokhorov, Aleksey"]
[Result "1-0"]
[WhiteElo "2440"]
[BlackElo "1839"]
[PlyCount "109"]
[EventDate "2023.09.08"]
[EventType "swiss (rapid)"]
[EventRounds "11"]
[EventCountry "RUS"]
[SourceTitle "EXT 2024"]
[Source "ChessBase"]
[SourceDate "2023.10.10"]
[SourceVersion "1"]
[SourceVersionDate "2023.10.10"]
[SourceQuality "1"]

1. e4 c5 2. Nf3 d6 3. d4 cxd4 4. Nxd4 Nf6 5. Nc3 a6 6. Rg1 b5 7. a4 e5 8. Nb3 b4 9. Nd5 Bb7 10. Bg5 Nbd7 11. Bc4 Rc8 12. Qd3 h6 13. Bxf6 Nxf6 14. Nxf6+ Qxf6 15. Na5 d5 16. exd5 Bc5 17. 0-0-0 Rb8 18. Nxb7 Rxb7 19. Bxa6 Rb8 20. Bb5+ Ke7 21. Kb1 Kd6 22. Rgf1 Ra8 23. Qc4 g5 24. g3 Qf3 25. Bc6 Ra5 26. Rde1 f5 27. Re3 Bxe3 28. Qxb4+ Rc5 29. Qb7 Rd8 30. Qb6 Rxd5 31. Bxd5+ Bxb6 32. Bxf3 e4 33. Be2 Ke5 34. f4+ gxf4 35. gxf4+ Kd4 36. Ka2 Ke3 37. Bh5 Bc7 38. b4 Bxf4 39. a5 Bd6 40. Kb3 f4 41. Re1+ Kd4 42. c3+ Ke5 43. Bf3 e3 44. Rd1 Rg8 45. a6 Rg7 46. b5 Ra7 47. Rd5+ Ke6 48. Rh5 Bf8 49. Be2 f3 50. Bxf3 Rf7 51. Be2 Kd6 52. b6 Kc6 53. a7 Kb7 54. Ra5 Ka8 55. Bf3+ 1-0

[Event "Zudov Memorial"]
[Site "Nizhnij Tagil"]
[Date "2023.07.29"]
[Round "2"]
[White "Polschikov, Alexey"]
[Black "Prokhorov, Aleksey"]
[Result "1/2-1/2"]
[WhiteElo "2420"]
[BlackElo "1677"]
[PlyCount "99"]
[EventDate "2023.07.29"]
[EventType "swiss (rapid)"]
[EventRounds "11"]
[EventCountry "RUS"]
[SourceTitle "CBM 215 Extra"]
[Source "ChessBase"]
[SourceDate "2023.09.30"]
[SourceVersion "1"]
[SourceVersionDate "2023.09.30"]
[SourceQuality "1"]

1. Nf3 Nf6 2. c4 g6 3. Nc3 Bg7 4. e4 d6 5. d4 0-0 6. Be2 e5 7. d5 a5 8. Bg5 Na6 9. Nd2 Nc5 10. 0-0 h6 11. Be3 b6 12. a3 Na6 13. b4 Bd7 14. Rb1 Qc8 15. bxa5 bxa5 16. c5 Nxc5 17. Bxc5 dxc5 18. Nb3 Rd8 19. Nxc5 Bf8 20. Nxd7 Nxd7 21. Qc1 Rb8 22. Nb5 Nc5 23. Qc2 Qd7 24. Bc4 Rb7 25. Kh1 a4 26. Nc3 Rdb8 27. Rxb7 Rxb7 28. Rb1 Rxb1+ 29. Qxb1 Qg4 30. Qc2 Qf4 31. Kg1 Nb3 32. g3 Nd4 33. gxf4 Nxc2 34. fxe5 Nxa3 35. Bd3 Bg7 36. Nxa4 Bxe5 37. Nc5 f5 38. exf5 gxf5 39. Bxf5 Nb5 40. Kg2 Nd4 41. Be4 Kf7 42. Nd3 Bd6 43. f4 Kf6 44. Kf2 h5 45. h3 Nf5 46. Bxf5 Kxf5 47. Kf3 h4 48. Ke3 Be7 49. Ke2 Ke4 50. Ne5 1/2-1/2

[Event "Ekaterinburg Scerbin Memorial"]
[Site "Ekaterinburg"]
[Date "2023.01.14"]
[Round "2"]
[White "Prokhorov, Aleksey"]
[Black "Nesterov, Arseniy"]
[Result "0-1"]
[WhiteElo "1758"]
[BlackElo "2568"]
[PlyCount "86"]
[EventDate "2023.01.14"]
[EventType "swiss (rapid)"]
[EventRounds "11"]
[EventCountry "RUS"]
[SourceTitle "CBM 212 Extra"]
[Source "ChessBase"]
[SourceDate "2023.03.31"]
[SourceVersion "1"]
[SourceVersionDate "2023.03.31"]
[SourceQuality "1"]

1. e4 c6 2. d4 d5 3. Nd2 dxe4 4. Nxe4 Nf6 5. Nxf6+ exf6 6. c3 Bd6 7. Bd3 0-0 8. Qc2 Re8+ 9. Ne2 h5 10. 0-0 h4 11. h3 Nd7 12. Be3 Nf8 13. c4 Bc7 14. Qd2 Qd6 15. f4 Bd7 16. Nc3 f5 17. Kh1 Ng6 18. Rad1 Rxe3 19. Qxe3 Re8 20. Qc1 Nxf4 21. c5 Qh6 22. Bc2 Qg5 23. Qd2 Re2 24. Qxe2 Nxe2 25. Nxe2 Qe3 26. Bd3 Be6 27. Rf3 Qg5 28. Nc3 g6 29. Bc2 Kg7 30. Bb3 Bxb3 31. axb3 a5 32. Kg1 Qe7 33. Kf2 Bg3+ 34. Kf1 Qe6 35. Ne2 Bc7 36. Kf2 Qd5 37. Re3 f4 38. Re7 Qxb3 39. Rd2 Bd8 40. Re4 Bg5 41. Re5 f6 42. Re7+ Kf8 43. Re4 f5 0-1

[Event "EU-ch Schools U11"]
[Site "Tornelo INT"]
[Date "2021.12.05"]
[Round "7"]
[White "Prokhorov, Aleksey"]
[Black "Bukreev, Stanislav"]
[Result "0-1"]
[WhiteElo "1480"]
[BlackElo "1762"]
[PlyCount "170"]
[EventDate "2021.12.03"]
[EventType "swiss (rapid)"]
[EventRounds "7"]
[EventCountry "NET"]
[SourceTitle "EXT 2023"]
[Source "ChessBase"]
[SourceDate "2022.10.05"]
[SourceVersion "1"]
[SourceVersionDate "2022.10.05"]
[SourceQuality "1"]

1. e4 e6 2. d4 d5 3. Nd2 c5 4. exd5 Qxd5 5. Ngf3 cxd4 6. Bc4 Qd6 7. 0-0 Nf6 8. Nb3 Nc6 9. Nbxd4 Nxd4 10. Nxd4 a6 11. c3 Qc7 12. Qe2 Bd6 13. h3 0-0 14. Bg5 Bh2+ 15. Kh1 Bf4 16. Bxf4 Qxf4 17. a4 b6 18. Qf3 Qxf3 19. Nxf3 Bb7 20. Ne5 Rac8 21. Bb3 Rc5 22. Rfe1 h6 23. Nd3 Rc7 24. Rad1 Rfc8 25. f3 Bd5 26. Bc2 g6 27. Ne5 Kg7 28. Rd4 Rc5 29. Bd3 a5 30. Ba6 R8c7 31. Nd3 R5c6 32. Bb5 Rc5 33. Nxc5 bxc5 34. Rd2 c4 35. Kg1 Ng8 36. Kf2 Ne7 37. Kg3 Nc8 38. Kf4 Kf6 39. h4 Nd6 40. Ra1 Rc5 41. g4 g5+ 42. hxg5+ hxg5+ 43. Kg3 Nxb5 44. axb5 Rxb5 45. Re2 Bc6 46. Rd1 Bd5 47. f4 gxf4+ 48. Kxf4 Rc5 49. g5+ Kg6 50. Rg1 Rb5 51. Rd2 Bc6 52. Rd6 Bb7 53. Rd7 Rxb2 54. Ke5 Bd5 55. Ra7 Ra2 56. Rf1 Kxg5 57. Raxf7 Re2+ 58. Kd6 Kg6 59. R7f4 Kg5 60. Rf8 Kg6 61. Rg1+ Kh7 62. Rf4 Rh2 63. Ke7 a4 64. Kf8 Rh5 65. Rg7+ Kh8 66. Rg8+ Kh7 67. Rf7+ Kh6 68. Rf6+ Kh7 69. Rg7+ Kh8 70. Rfg6 Rf5+ 71. Ke7 a3 72. Rg1 a2 73. R7g6 Kh7 74. R6g3 Rh5 75. Rg7+ Kh8 76. R7g4 Kh7 77. Rg7+ Kh8 78. R7g4 Rh2 79. Rg8+ Kh7 80. R8g7+ Kh6 81. R7g6+ Kh7 82. Rg7+ Kh6 83. Kf8 Rf2+ 84. Kg8 e5+ 85. Kh8 Rf8+ 0-1

[Event "EU-ch Schools U11"]
[Site "Tornelo INT"]
[Date "2021.12.04"]
[Round "3"]
[White "Chereshkevich, Yuri"]
[Black "Prokhorov, Aleksey"]
[Result "1-0"]
[WhiteElo "1426"]
[BlackElo "1480"]
[PlyCount "32"]
[EventDate "2021.12.03"]
[EventType "swiss (rapid)"]
[EventRounds "7"]
[EventCountry "NET"]
[SourceTitle "EXT 2023"]
[Source "ChessBase"]
[SourceDate "2022.10.05"]
[SourceVersion "1"]
[SourceVersionDate "2022.10.05"]
[SourceQuality "1"]

1. b3 Nf6 2. Bb2 g6 3. d4 Bg7 4. Nd2 0-0 5. e4 d6 6. Bd3 Re8 7. Ngf3 Nbd7 8. 0-0 c6 9. Re1 Qc7 10. Rb1 e5 11. c4 exd4 12. Nxd4 Nc5 13. Bc2 Qb6 14. h3 a5 15. a3 Bd7 16. Bc3 h5 1-0